छायावाद और उसके कवि/ (Record no. 200599)

MARC details
000 -LEADER
fixed length control field 00939nam a22001937a 4500
005 - DATE AND TIME OF LATEST TRANSACTION
control field 20240209120217.0
010 ## - LCCN (DPL NO)
LC control number HIN-126845
020 ## - INTERNATIONAL STANDARD BOOK NUMBER
International Standard Book Number 9789390625161
Terms of availability 600.00
035 ## - SYSTEM CONTROL NUMBER
System control number HN-99191
037 ## - SOURCE OF ACQUISITION
Source of stock number/acquisition DBAD/PUB
082 ## - DEWEY DECIMAL CLASSIFICATION NUMBER
Classification number 821.08
Edition number 1
Item number 1
100 ## - MAIN ENTRY--PERSONAL NAME
Personal name वाजपेयी, नन्ददुलारे
245 ## - TITLE STATEMENT
Title छायावाद और उसके कवि/
Statement of responsibility, etc नन्ददुलारे वाजपेयी
Medium हिंदी
260 ## - PUBLICATION, DISTRIBUTION, ETC. (IMPRINT)
Place of publication, distribution, etc प्रयागराज
Name of publisher, distributor, etc लोकभारती प्रकाशन
Date of publication, distribution, etc 2022
270 ## - ADDRESS
City प्रयागराज
Address पहली मंजिल, दरबारी बिल्डिंग, महात्मा गांधी मार्ग
Postal code 211001
300 ## - PHYSICAL DESCRIPTION
Extent 207पृ.
Dimensions 22सेमी. सजिल्द
700 ## - ADDED ENTRY--PERSONAL NAME
Personal name वाजपेयी नन्ददुलारे
9 (RLIN) 61818
942 ## - ADDED ENTRY ELEMENTS (KOHA)
Source of classification or shelving scheme Dewey Decimal Classification
Item type Hindi Books
Classification part 821.08
Call number suffix वाजपे
Edition 1

No items available.


© Delhi Public Library
Hit Counter
free hit counter